| 000 | 01126naa a22003137a 4500 | ||
|---|---|---|---|
| 001 | BR0104287 | ||
| 003 | BR-BrBNA | ||
| 005 | 20240918181921.0 | ||
| 007 | ta | ||
| 008 | 230509b bl.||||| |||| 00| 0 por d | ||
| 040 |
_aBR-BrBNA _bpor _cBiblioteca Nacional de Agricultura |
||
| 041 | _a(Pt) | ||
| 072 | _aK10; H10 | ||
| 090 | _aK10 BR0104287 | ||
| 100 | 1 | _aMoutinho, P.R.S. | |
| 245 | 1 | _aImpactos da formacao de pastagens sobre a fauna de formigas: consequencias para a recuperacao florestal na Amazonia oriental | |
| 260 | 3 |
_aManaus, AM (Brasil): _c1998. |
|
| 500 | _aGascon, G.; Moutinho, P.(eds.) Floresta Amazonica: dinamica, regeneracao e manejo Manaus, AM (Brasil): 1998. p. 155-170 (BR0104287-AM)K10 | ||
| 650 | _aImpacto Ambiental | ||
| 650 | _aPastagem | ||
| 650 | _aFloresta Tropical | ||
| 650 | _aRegeneracao | ||
| 650 | _aFormiga | ||
| 650 | _aFauna | ||
| 650 | _aAmazonia | ||
| 773 | 0 |
_tFloresta Amazonica: dinamica, regeneracao e manejo _aGascon, G.; Moutinho, P.(eds.) _wK10 BR0104287 _gManaus, AM (Brasil), 1998. p. 155-170 |
|
| 909 |
_a202404 _bLucia _c55 _dLucia Elande |
||
| 942 |
_cAM _2AGRIS |
||
| 999 |
_c327513 _d327513 |
||